000 01133nam a2200205Ia 4500
001 b6112-42624
003 IT-MiCISF
008 161014s9999||||xx |||||||||||||| ||und||
040 _aIT-MiCISF
_cIT-MiCISF
041 _ait
100 _aLloyd Elisabeth A.
245 0 _aIl caso dell'orgasmo femminile
_bPregiudizio nella scienza dell'evoluzione
250 _a1a ed.
260 _a Torino
_bCodice Edizioni
_c2006 [Edizione originale: 2005]
300 _app. 267
500 _a / donna, sessualità-femminile, corpo, piacere, rapporti-uomo-donna, problemi-sessualità, storia / Questo libro è a due facce: da una parte la ricerca delle ragioni del piacere, dall'altra un'analisi lucida e documentata che, con una scrittura polemica ma sempre chiara, restituisce dignità a un ambito scientifico da troppo tempo contaminato da pregiudizi spesso assurdi e infondati. Un libro per tutti coloro che sono interessati a capire quali siano i meccanismi e le funzioni che regolano uno degli elementi essenziali dei nostri rapporti di specie.
650 _a Sessualità / sessualità
_e005
942 _cBK
957 _71
999 _a42624
_bsi
_g1
_c210964
_d210964